LEADER 01056cam0-22004091i-450- 001 990006893240403321 005 20070518123803.0 010 $a88-7042-965-2 035 $a000689324 035 $aFED01000689324 035 $a(Aleph)000689324FED01 035 $a000689324 100 $a20010426d1989----km-y0itay50------ba 101 0 $aita 102 $aIT 105 $ay-------001yy 200 1 $aEquità$ela categoria regolativa del diritto$fGiulio M. Chiodi 210 $aNapoli$cGuida$d1989 215 $a212 p.$d23 cm 225 1 $aGuida Ricerca$iDiritto 610 0 $aEquità 676 $a340.11 676 $a340.1 676 $a320.01 700 1$aChiodi,$bGiulio Maria$f<1936- >$0411749 801 0$aIT$bUNINA$gRICA$2UNIMARC 901 $aBK 912 $a990006893240403321 952 $aSDI-S 196$bs.i.$fSDI 952 $aII A 269$b34780$fFSPBC 952 $aXI D 565$b17251*$fFGBC 952 $aXI D 527$b8713*$fFGBC 959 $aFSPBC 959 $aFGBC 959 $aSDI 996 $aEquità$9629235 997 $aUNINA LEADER 01050nam 2200361 450 001 9910796357503321 005 20230809225500.0 010 $a92-9257-896-0 035 $a(CKB)3790000000551998 035 $a(MiAaPQ)EBC5214648 035 $a(EXLCZ)993790000000551998 100 $a20191223d2017 uy 0 101 0 $aeng 135 $aurcnu|||||||| 181 $ctxt$2rdacontent 182 $cc$2rdamedia 183 $acr$2rdacarrier 200 00$aPublic ICT center for rural development $einclusiveness, sustainability, and impact 210 1$aMetro Manila, Philippines :$cAsian Development Bank,$d[2017] 210 4$d©2017 215 $a1 online resource (92 pages) 311 $a92-9257-895-2 320 $aIncludes bibliographical references. 606 $aInternet access 615 0$aInternet access. 676 $a025.042 801 0$bMiAaPQ 801 1$bMiAaPQ 801 2$bMiAaPQ 906 $aBOOK 912 $a9910796357503321 996 $aPublic ICT center for rural development$93863401 997 $aUNINA